Govt. of
Madhya Pradesh

रेलवे सामान्‍य अध्‍ययन 1992- 2024 [2082 Set ] (Record no. 66907)

MARC details
000 -LEADER
fixed length control field 00465nam a22001577a 4500
003 - CONTROL NUMBER IDENTIFIER
control field macl
005 - DATE AND TIME OF LATEST TRANSACTION
control field 20240602123035.0
008 - FIXED-LENGTH DATA ELEMENTS--GENERAL INFORMATION
fixed length control field 240602b |||||||| |||| 00| 0 eng d
040 ## - CATALOGING SOURCE
Transcribing agency macl
082 ## - DEWEY DECIMAL CLASSIFICATION NUMBER
Classification number 001
100 ## - MAIN ENTRY--PERSONAL NAME
Personal name Kumar;suchit
9 (RLIN) 66887
245 ## - TITLE STATEMENT
Title रेलवे सामान्‍य अध्‍ययन 1992- 2024 [2082 Set ]
260 ## - PUBLICATION, DISTRIBUTION, ETC. (IMPRINT)
Place of publication, distribution, etc. Patna
Name of publisher, distributor, etc. Speedy
650 ## - SUBJECT ADDED ENTRY--TOPICAL TERM
Topical term or geographic name as entry element सामान्‍य अध्‍ययन
9 (RLIN) 82410
942 ## - ADDED ENTRY ELEMENTS (KOHA)
Source of classification or shelving scheme
Koha item type Competitive Books
Holdings
Withdrawn status Lost status Source of classification or shelving scheme Damaged status Not for loan Home library Current library Date acquired Cost, normal purchase price Total Checkouts Full call number Barcode Date last seen Date last checked out Price effective from Koha item type
          MACL MACL 02/06/2024 380.00 15 001 DPI002216 15/10/2025 04/10/2025 02/06/2024 Competitive Books
          MACL MACL 02/06/2024 380.00 22 001 DPI002217 13/11/2025 29/10/2025 02/06/2024 Competitive Books